00500cam a2200133 i 450008200130000024500730001326000610008630000260014765000290017365000300020294200070023299900150023995201120025400a576 MIC 10aMicrobial processes :Promising technologies for developing countries aWashington, D.C. :bNational Academy of Sciences,c1979. axii, 198 p. :bill. ; 0aIndustrial microbiology. 0aTechnological innovations cBK c1714d1714 0010708NFICaICbICcGENd2015-07-26l1o576 MICp001144r2024-12-06 13:34:21s2024-12-01w2015-07-26yBK